[Event "Mangini Memorial"]
[Site "Rio de Janeiro"]
[Date "1999.??.??"]
[Round "7"]
[White "Da Silva, Paolo Ghiu M Rego"]
[Black "Pinto, Selmo Bastos"]
[Result "1/2-1/2"]
[WhiteElo "2000"]
[BlackElo "2000"]
[PlyCount "58"]
[EventDate "1999.02.??"]
[EventType "tourn"]
[EventRounds "9"]
[EventCountry "BRA"]
[SourceTitle "EXT 2000"]
[Source "ChessBase"]
[SourceDate "1999.11.16"]
[SourceVersion "1"]
[SourceVersionDate "1999.11.16"]
[SourceQuality "1"]

1. c4 e6 2. Nc3 d5 3. d4 Nf6 4. cxd5 exd5 5. Nf3 Ne4 6. e3 f5 7. Bd3 Bb4 8. Qb3 Nc6 9. 0-0 Be6 10. Nxe4 fxe4 11. Bxe4 Qd6 12. Bd3 0-0 13. Qc2 Rf6 14. Bxh7+ Kh8 15. Bd3 Raf8 16. a3 Ba5 17. b4 Bb6 18. Ne5 Nxe5 19. dxe5 Qxe5 20. Bb2 Qh5 21. Bxf6 Rxf6 22. Be2 Qg5 23. Rfd1 Rxf2 24. Kxf2 Qxe3+ 25. Ke1 Qf2+ 26. Kd2 Qe3+ 27. Ke1 Qf2+ 28. Kd2 Qe3+ 29. Ke1 Qf2+ 1/2-1/2

[Event "Mangini Memorial"]
[Site "Rio de Janeiro"]
[Date "1999.??.??"]
[Round "1"]
[White "Pinto, Selmo Bastos"]
[Black "Cantanhede, Hilwan A Wanderley"]
[Result "1-0"]
[WhiteElo "2000"]
[BlackElo "2000"]
[PlyCount "71"]
[EventDate "1999.02.??"]
[EventType "tourn"]
[EventRounds "9"]
[EventCountry "BRA"]
[SourceTitle "EXT 2000"]
[Source "ChessBase"]
[SourceDate "1999.11.16"]
[SourceVersion "1"]
[SourceVersionDate "1999.11.16"]
[SourceQuality "1"]

1. d4 d5 2. e3 Nc6 3. Nf3 Nf6 4. c4 e6 5. Nc3 Bb4 6. Bd3 dxc4 7. Bxc4 Ne4 8. Qc2 Nxc3 9. bxc3 Ba5 10. Ba3 Bb6 11. 0-0 Ne7 12. Bd3 c6 13. e4 0-0 14. e5 h6 15. Nd2 Re8 16. Ne4 Bc7 17. Qe2 Nf5 18. g4 Nh4 19. g5 Ng6 20. gxh6 Qh4 21. hxg7 Kxg7 22. f4 Rh8 23. Bc1 Bd8 24. Ng3 Qh3 25. f5 exf5 26. Bxf5 Bxf5 27. Nxf5+ Kg8 28. e6 Bc7 29. exf7+ Kf8 30. Ba3+ Kxf7 31. Nd6+ Kg8 32. Qc4+ Kh7 33. Qf7+ Kh6 34. Bc1+ Kh5 35. Rf5+ Kh4 36. Qf6+ 1-0

[Event "Mangini Memorial"]
[Site "Rio de Janeiro"]
[Date "1999.??.??"]
[Round "8"]
[White "Pinto, Selmo Bastos"]
[Black "Figueiredo, Francisco Marques"]
[Result "1-0"]
[WhiteElo "2000"]
[BlackElo "2035"]
[PlyCount "61"]
[EventDate "1999.02.??"]
[EventType "tourn"]
[EventRounds "9"]
[EventCountry "BRA"]
[SourceTitle "EXT 2000"]
[Source "ChessBase"]
[SourceDate "1999.11.16"]
[SourceVersion "1"]
[SourceVersionDate "1999.11.16"]
[SourceQuality "1"]

1. e4 c5 2. Nf3 d6 3. d4 cxd4 4. Nxd4 Nf6 5. Nc3 g6 6. Be3 Nc6 7. f3 Bd7 8. Qd2 Bg7 9. Bc4 a6 10. 0-0-0 b5 11. Bb3 Na5 12. Bh6 0-0 13. h4 Qc7 14. h5 Rfc8 15. hxg6 Nxb3+ 16. axb3 fxg6 17. Bxg7 Kxg7 18. Qh6+ Kf7 19. Nd5 Nxd5 20. Qxh7+ Kf6 21. Qh4+ Kf7 22. exd5 Bf5 23. Nc6 Re8 24. Qd4 g5 25. g4 Bg6 26. Rde1 e5 27. dxe6+ Rxe6 28. Rxe6 Kxe6 29. Re1+ Kd7 30. Re7+ Kxc6 31. Qc3+ 1-0